| 000 | 01228nam a22002897a 4500 | ||
|---|---|---|---|
| 003 | OSt | ||
| 005 | 20240419142821.0 | ||
| 007 | cr ||||||a|c|a | ||
| 008 | 221109s mx odb|fom||| 001 0 spa d | ||
| 040 | _erda | ||
| 100 | 1 |
_9130380 _aAguazul Hernández, Estefana |
|
| 245 | 1 |
_aAportación del sistema milpa a la autosuficiencia alimentaria en el ejido de mesa larga, Yahualica, Hidalgo / _cEstefana Aguazul Hernández; director de tesis Artemio Cruz León |
|
| 264 | 1 |
_aChapingo, México : _bEl autor, |
|
| 300 | _a1 recurso en línea ( 92 páginas ). | ||
| 336 |
_2rdacontent _atexto _btxt |
||
| 337 |
_2rdamedia _acomputadora _bc |
||
| 338 |
_2rdacarrier _arecurso en línea _bcr |
||
| 502 |
_bMCSR _cSociología _d2020. _gMAE |
||
| 504 | _aIncluye referencias bibliográficas: páginas -62-70 | ||
| 650 | 4 |
_9185634 _aSistemas alimentarios _zHidalgo |
|
| 650 | 0 |
_9185635 _aMaíz _xConsumo _zHidalgo |
|
| 650 | 4 |
_9185636 _aMaíz _xRendimiento _zHidalgo |
|
| 650 | 4 |
_9185637 _aMaíz _xAbastecimiento _zHidalgo |
|
| 700 | 1 |
_929466 _aCruz León, Artemio _eDirector de tesis |
|
| 856 |
_uhttp://10.13.5.2/tesis/tm/2020_CR_Aguazul_Hernandez_Estefana.pdf _zDESCARGAR PDF |
||
| 942 |
_2Clasificación Universidad Autónoma Chapingo _cTD |
||
| 999 |
_c217739 _d217739 |
||